Statistiques concernant Discographie du groupe Queen

Cliquez ici pour prendre le quiz!

Statistiques générales

  • Ce quiz a été pris 195 fois
  • Le résultat moyen est 37 sur 171

Statistiques - réponses

Chanson% Correct
11Bohemian Rhapsody
91%
2We are the Champions
72%
2Killer Queen
71%
1Radio Ga Ga
71%
2A Kind of Magic
69%
1We will Rock You
68%
12Don't Stop me Now
65%
6I want to Break Free
65%
12The Show must go on
63%
9Love of my Life
62%
11Under Pressure
62%
1Innuendo
60%
6Somebody to Love
60%
3The Miracle
53%
3Another One Bite the Dust
50%
2Fat Bottomed Girls
50%
4Bicycle Race
48%
8Hammer to Fall
46%
3I'm in Love with My Car
45%
1One Vision
45%
1Keep Yourself Alive
44%
11Seven Seas of Rhye
44%
10Seven Seas of Rhye (Instrumental)
44%
2Made in Heaven
43%
4You're My Best Friend
42%
5Crazy Little Thing Called Love
41%
3Sheer Heart Attack
41%
6Who Wants to Live Forever
41%
4I want It All
40%
5Friends Will Be Friends
38%
1Play the Game
33%
5'39
32%
5Liar
32%
10Cool Cat
30%
8Good Old-Fashioned Lover Boy
29%
9Princes of the Universe
29%
9The March of the Black Queen
29%
1Tie your Mother down
29%
3It's a Hard Life
28%
6Now I'm Here
28%
1Death on Two Legs (Dedicated to...)
27%
12God save the Queen (instrumental)
27%
5Spread Your Wings
27%
3Great King Rat
26%
3Headlong
26%
1Mustapha
26%
6Breakthru
25%
1Brighton Rock
25%
10Save Me
25%
4My Fairy King
24%
7Seaside Rendezvous
24%
5The Invisible Man
24%
3White Queen (As It Began)
24%
3Back Chat
23%
2I'm Going Slightly Mad
23%
9Jesus
23%
8Stone Cold Crazy
23%
2Lazing on a Sunday Afternoon
22%
7Don't Try Suicide
21%
6Ogre Battle
21%
8Scandal
21%
8The Prophet's Song
21%
8Delilah
20%
10Good Company
20%
4Mother Love
20%
8Too much Love will kill you
20%
4All Dead, All Dead
19%
4Body Language
19%
2Dragon Attack
19%
3Jealousy
19%
4The Millionaire Waltz
19%
11Bijou
18%
6I was Born to love You
18%
8Nevermore
18%
2Father to Son
17%
1Flash's Theme
17%
17Flash's Theme Reprise (Victory Celebrations)
17%
4Flick of the Wrist
17%
7In the Lap of the Gods
17%
11My Melancholy Blues
17%
1Procession
17%
1Staying Power
17%
9You don't fool Me
17%
11Bring Back that Leroy Brown
16%
2Doing All Right
16%
7Heaven for Everyone
16%
8Son and Daughter
16%
7These are the Days of our Lives
16%
2Dancer
15%
9Dreamer's Ball
15%
9Is this the World we Created
15%
3Let Me Live
15%
2Tear It Up
15%
7The Fairy Feller's Master-Stroke
15%
9Dear Friends
14%
9Drowse
14%
4I can't Live with You
14%
9Las Palabras de Amor
14%
5Lily of the Valley
14%
10Misfire
14%
7Modern Times Rock 'n' Roll
14%
3One Year of Love
14%
4Some Day One Day
14%
10Teo Toriatte (Let Us Cling Together)
14%
2You take my Breath away
14%
8Calling All Girls
13%
10It's Late
13%
5Machines (or Back to Humans)
13%
4Need Your Loving Tonight
13%
6Sweet Lady
13%
10The Hitman
13%
5You and I
13%
6Let Me Entertain You
12%
13More of that Jazz
12%
6Put Out the Fire
12%
6Rock It (Prime Jive)
12%
5Action This Day
11%
10A Winter's Tale
11%
8Don't Lose your Head
11%
10Fun It
11%
10Funny how Love is
11%
7Get Down Make Love
11%
7Gimme the Prize (Kurgan's Theme)
11%
8In only Seven Days
11%
13In the Lap of the Gods... Revisited
11%
1It's a Beautiful Day
11%
11It's a Beautiful Day (Reprise)
11%
7Keep Passing the Open Windows
11%
7Life Is Real (Song for Lennon)
11%
1Party
11%
7Rain Must Fall
11%
5Ride the Wild Wind
11%
8Sail Away Sweet Sister (To the Sister I never had)
11%
12She Makes Me (Stormtrooper in Stilettos)
11%
3Tenement Funster
11%
5The Loser in the End
11%
6The Night Comes Down
11%
9Who Needs You
11%
12Yeah
11%
5If You can't Beat Them
10%
10Was it All Worth it
10%
7White Man
10%
9Coming Soon
9%
11Leaving Home ain't Easy
9%
3Long Away
9%
4Man on the Prowl
9%
7Dead on Time
8%
6Fight from the Inside
8%
9My Baby Does Me
8%
8Sleeping on the sidewalk
8%
18The Hero
8%
9Don't Try so Hard
7%
4Pain is so Close to Pleasure
7%
6All God's People
6%
14The Wedding March (Wagner)
6%
2Khashoggi's Ship
5%
5My Life Has Been Saved
5%
9Arboria (Planet of the Tree Men)
4%
13Battle Theme
4%
3Ming's Theme (In the Court of Ming the Merciless)
3%
8The Kiss (Aura Ressurects Flash)
3%
4The Ring (Hypnotic Seduction of Dale)
3%
10Escape From the Swamp
2%
7Execution of Flash
2%
11Flash to the Rescue
2%
5Football Fight
2%
6In the Death Cell (Love Theme Reprise)
2%
2In the Space Capsule (The Love Theme)
2%
15Marriage of Dale and Ming (And Flash approaching)
2%
12Vultan's Theme (Attack of the Hawk Men)
2%
16Crash Drive on Mingo City
1%

Distribution des résultats

Percentile par nombre de réponses

% des personnes avec chaque résultat

Votre développement - résultats

Vous n’avez pas pris ce quiz